000 00393pab a2200169 454500
008 180718b1997 xxu||||| |||| 00| 0 eng d
100 _aSathiya Moorthy, N.
245 _aJudging the judges
260 _c1997
300 _ap.8
362 _a12 Feb
650 _aJudges - India
650 _aJudiciary - India
650 _aJudiciary
773 _aHindu (Business Line)
909 _a34307
999 _c34307
_d34307